000 00337nam a2200145Ia 4500
008 191201s1999 xx 000 0 und d
082 _a677.022
_bKHE
100 _aKHARE, A R
245 0 _aElements of Combing
250 _a1st
260 _aN.Delhi
_bSai Book Centure
_c1999
300 _a203
650 _aB.Tech(TE)
942 _2ddc
_cBK
999 _c2621
_d2621